Every Terraria Ore/Bar - Statistics

General Stats
  • This quiz has been taken 43 times
  • The average score is 22 of 23
Answer Stats
Ore/Bar % Correct
Cobalt
100%
Copper
100%
Gold
100%
Iron
100%
Mythril
100%
Platinum
100%
Tin
100%
Demonite
97%
Hellstone
97%
Lead
97%
Silver
97%
Titanium
97%
Tungsten
97%
Adamantite
92%
Chlorophyte
92%
Luminite
92%
Meteorite
92%
Shroomite
92%
Crimtane
90%
Palladium
90%
Hallowed
85%
Orichalcum
85%
Spectre
79%
No matching quizzes found
Score Distribution
Percent of People with Each Score
Percentile by Number Answered
Your Score History
You have not taken this quiz